| 000 | 01081nam0a2200265 4500 | ||
|---|---|---|---|
| 001 | RU\NLR\BIBL_A\022843330 | ||
| 005 | 20260628210237.0 | ||
| 035 | _a(NLR Aleph) 022843330 | ||
| 090 |
_a13745695 _c13745695 |
||
| 100 | _a20260625d1965 u y0rusy50 ca | ||
| 101 | 0 | _aaze | |
| 102 | _aAZ | ||
| 105 | _aa ||||||||| | ||
| 200 | 1 |
_aКәнд тәсәррүфаты игтисадиjjатыны өjрәнәнләрә көмәк _fРәшид Мәликов, Әбүлфәз Гасымов, игтисад. елм. нам.-ләри |
|
| 210 |
_aБакы _cАзәрнәшр _d1965 |
||
| 215 |
_a249,[1] с. _cтабл. _d20 |
||
| 541 | 1 |
_6z01790 _aВ помощ изучающим экономику сельского хозяйства _zrus |
|
| 686 | 1 | _aУ(9) | |
| 700 | 1 |
_aМәликов _bР.Н. _gРәшид Нуру оғлу _4070 |
|
| 701 | 1 |
_aГасымов _bӘ.Ҹ. _gӘбүлфәз Ҹәбраjыл оғлу _4070 |
|
| 790 | 1 |
_6z01541 _aМеликов _bР.Н. _gРашид Нуру оглы _4070 |
|
| 942 | _cBOOK | ||
| 980 | _aNB | ||
| 980 | _aONL_RF | ||